| 000 | 00365nam a2200133Ia 4500 | ||
|---|---|---|---|
| 008 | 150202s9999 xx 000 0 und d | ||
| 020 | _a553285920 | ||
| 050 |
_aFIC _bFIC |
||
| 100 | _aKellerman, Jonathan. | ||
| 245 |
_aSilent partner / _cJonathan Kellerman. |
||
| 260 |
_aNew York : _bBantam Books, _c1989. |
||
| 300 |
_a484 pages : _c18 cm. |
||
| 650 | _aFiction. | ||
| 999 |
_c282152 _d282152 |
||